Statistics for U.S. States with Exceptional Drought

Click here to take the quiz!

General Stats

  • This quiz has been taken 42 times
  • The average score is 5 of 7

Answer Stats

% of AreaState% Correct
15.91Texas
90%
7.17New Mexico
85%
2.06Kansas
79%
7.50Nevada
79%
0.53Colorado
72%
9.43Oklahoma
69%
17.30Oregon
46%

Score Distribution

Percentile by Number Answered

Percent of People with Each Score

Your Score History

You have not taken this quiz